la viscosité des liquides /
Guardado en:
| Autor Principal: | |
|---|---|
| Formato: | Libro |
| Idioma: | French |
| Publicado: |
Paris :
Dunod,
1932.
|
| Etiquetas: |
Agregar Etiqueta
Sin Etiquetas, Sea el primero en etiquetar este registro!
|
| LEADER | 00410nam a22001455a 4500 | ||
|---|---|---|---|
| 001 | EUN.um032813 | ||
| 003 | AR-BaUNS | ||
| 005 | 20050623122907.0 | ||
| 008 | 041125s1932####fr############000#0#fre#d | ||
| 245 | 1 | 0 | |a la viscosité des liquides / |c Emile Hatschek. |
| 260 | |a Paris : |b Dunod, |c 1932. | ||
| 300 | |a 227 p. | ||
| 100 | 1 | |a Hatschek, Emile. | |
| 082 | 0 | 4 | |a 620.112 |
| 859 | |a Ar-BaUNS |b BIB. CENTRAL - Sector C |h 620.112 |i H287 |p 1522/964 | ||
